00000000nam 2200000zi 4500
0019.946714
003CaOODSP
00520250121091805
006m     o  d f      
007cr bn|||||||||
008250110t19751975oncb    obfu f000 0 fre d
040 |aCaOODSP|bfre|erda|cCaOODSP
043 |an-cn---
0861 |aNR24-28/1975-1F-PDF
24500|aRenseignements climatiques pour le calcul des bâtiments au Canada, 1975 : |bsupplément no 1 du Code national du bâtiment Canada / |cpublié par le Comité associé sur le Code national du bâtiment.
24610|aSupplément no 1 du Code national du bâtiment Canada
250 |aCinquième édition 1975.
264 1|aOttawa : |bConseil national de recherches du Canada, |c1975.
264 4|c©1975
300 |a1 ressource en ligne (xi, 52 pages) : |bcartes
336 |atexte|btxt|2rdacontent/fre
337 |ainformatique|bc|2rdamedia/fre
338 |aressource en ligne|bcr|2rdacarrier/fre
500 |a« Contract No. 31040-4-0419. »
500 |aPublié aussi en anglais sous le titre : Climatic information for building design in Canada 1975 : supplement no. 1 to the National Building Code of Canada.
504 |aComprend des références bibliographiques (pages 10-11).
520 |a« Le Canada comporte une grande diversité de climats, diversité dont il est nécessaire de tenir compte lors du calcul des bâtiments dans les diverses régions du pays. Le présent Supplément a un triple objet: premièrement, indiquer schématiquement, au moyen de cartes, la variabilité et la distribution générale des éléments climatiques (y compris l'intensité des séismes et la limite du pergélisol) le plus souvent utilisés pour le calcul des bâtiments; deuxièmement, expliquer brièvement comment sont calculées les valeurs climatiques proposées; troisièmement, présenter une liste de données climatiques de calcul pour un certain nombre de villes et de plus petites agglomérations » -- Introduction, page ix.
650 6|aConstruction|xDroit|zCanada|vCodes.
650 6|aConstructions|xNormes|zCanada.
650 6|aArchitecture et climat|zCanada|vGuides, manuels, etc.
655 7|aGuides et manuels|2rvmgf
7102 |aConseil national de recherches Canada. |bComité associé sur le Code national du bâtiment, |eorganisme de publication.
77508|tClimatic information for building design in Canada 1975 : |w(CaOODSP)9.946708
794 |tDonnées climatiques pour le calcul des bâtiments au Canada, 1977 : |w(CaOODSP)9.946791
795 |tRenseignements climatologiques pour le calcul des bâtiments au Canada, 1970 : |w(CaOODSP)9.946686
85640|qPDF|s2.00 Mo|uhttps://publications.gc.ca/collections/collection_2025/cnrc-nrc/NR24-28-1975-1-fra.pdf
986 |a13986F